00286nam a2200097Ia 4500008004100000041000800041100003000049245005500079260003500134999001900169241105s9999 xx 000 0 und d aeng aBhatnagar Shivani9182548 aMultiple Community Interactions At The Urban Level bFinal Year B. Arch, BNCAc2014 c360837d360837